Ръководство за дръжание тръговски книги (тевтери) (Запис номер 155189)
[ съкратено ]
| 000 -Лидер | |
|---|---|
| Контролно поле с фиксирана дължина | nam a22 a 4500 |
| 003 - Код на организацията, давaща контролен номер | |
| Контролно поле | BLK |
| 005 - Дата и час на последна редакция | |
| Контролно поле | 20230405094247.0 |
| 008 - Елементи от данни с фиксирана дължина | |
| fixed length control field | 180410b bul|||||r ||||||| ||bul|| |
| 010 ## - Наследен системен номер | |
| LC control number | KNG00161863000 |
| 040 ## - Източник на каталожния запис | |
| Идентификатор на билиотеката - собственик на записа | BLK |
| 041 ## - Код за език | |
| Код за езика на текст/звукозапис или на отделно заглавие | Български |
| Код за езика КДБФ | Български |
| 072 #7 - Код за тематичната категория | |
| Код организация | bullib |
| Код за тематична категория | С |
| Текст | Старопечатен фонд |
| 080 ## - УДК | |
| Текстов определител УДК | Счетоводство. Счетоводни системи и операции, водене на сметките, журнал-ордер и др. |
| УДК код - определител по УДК | 657 |
| УДК определител | :339 |
| УДК - код + определител | 657:339 |
| 080 ## - УДК | |
| Текстов определител УДК | Търговска дейност. Предмет на търговска дейност. Търговски пълномощия. Търговско счетоводство. |
| УДК код - определител по УДК | 347.71 |
| УДК - код + определител | 347.71 |
| 100 1# - Редна дума - Автор | |
| Автор | Гранж, Едмонд де |
| Авторска отговорност | първи автор |
| R(LIN) | 332734 |
| 139 ## - Редно поле | |
| Редна дума | Гранж, Едмонд де |
| Авторски знак | Гран - Г 77 |
| 245 10 - Сведения за заглавието | |
| Заглавие | Ръководство за дръжание тръговски книги (тевтери) |
| Редно поле (дума) | Едмонд де Гранж ; прев. Стоян Веженов. |
| 257 ## - Страна на издаване | |
| Страна на създаване/издаване | Франция |
| 260 ## - Област на издателските данни | |
| Място на издаване, разпространение и проч. | Пловдив и др. |
| Име на издателя, разпространителя и проч. | книж. Христо Г. Данов |
| Година на издаване | 1873 |
| Печатница | Виена : У печатница Л. Сомер и др. |
| 300 ## - Физическа характеристика | |
| Страници | ХVІ, 308 с. |
| Размери/Мащаб | 23 см |
| Съпровождащи материали | 4 л. табл. |
| 380 ## - Жанр | |
| Жанр | Техника |
| 500 ## - Общи забележки | |
| Забележка | Дар от Никола Даков. |
| 650 #4 - Допълнително описание по предмет – тема | |
| Основно описание – тема или топоним | Счетоводна отчетност - наръчници и ръководства |
| 9 (RLIN) | 247136 |
| 650 #0 - Допълнително описание по предмет – тема | |
| Основно описание – тема или топоним | Счетоводство, търговско - наръчници и ръководства |
| 9 (RLIN) | 298303 |
| 653 #7 - Ключова дума – ненормативна | |
| Ключова дума | търговия |
| 9 (RLIN) | 198844 |
| 653 #7 - Ключова дума – ненормативна | |
| Ключова дума | счетоводство |
| 9 (RLIN) | 197765 |
| 659 ## - Тематичен бюлетин | |
| Тематичен бюлетин | С |
| 700 1# - Други автори (авторска отговорност) | |
| Лично име | Веженов, Стоян Делчев |
| Автороска отговорност (Описва отношението между автора и произведението) | прев. |
| 9 (RLIN) | 381075 |
| 852 ## - Местоположение | |
| Форматна сигнатура | Цб Ст 1014*1533 |
| Фондова буква | Отдел "Старопечатен фонд" |
| 856 4# - Електронен адрес и достъп | |
| Електронен формат | pdf - файл |
| Инструкция (цена за достъп) | 0.00 |
| Права за достъп | disable |
| 856 4# - Електронен адрес и достъп | |
| Електронен формат | pdf - файл |
| Инструкция (цена за достъп) | 0.00 |
| Права за достъп | disable |
| 999 ## - СИСТЕМНИ КОНТРОЛНИ НОМЕРА | |
| Koha biblionumber | 155189 |
| Koha biblioitemnumber | 155189 |
| 942 ## - АРТИКУЛИ | |
| Вид на библиотечния материал | Книги |
| Скрит в OPAC | Не |
| Периодичен библиозапис | Да |
| 944 ## - СЪЗДАВАНЕ И РЕДАКЦИЯ на ЗАПИСА | |
| Създаване/Редакция | Създаване |
| Дата на регистрацията/редакция | 10.06.2014 |
| Служител, извършил регистрацията/редакцията | Христина_Везирева |
| 944 ## - СЪЗДАВАНЕ И РЕДАКЦИЯ на ЗАПИСА | |
| Създаване/Редакция | Създаване |
| Дата на регистрацията/редакция | 2023-04-04 |
| Служител, извършил регистрацията/редакцията | Кети |
| 999 ## - СИСТЕМНИ КОНТРОЛНИ НОМЕРА | |
| Koha biblioitemnumber | 155189 |
| 999 ## - СИСТЕМНИ КОНТРОЛНИ НОМЕРА | |
| Koha biblioitemnumber | 155189 |
| Код за отписване | Код за изгубен артикул | Източник на класификационната схема | Код за повреда | Коз за рестрикции | Код за отдаване | Артикулен № | Име на библиотеката - собственик | Име на библиотеката, в която се намира в момента | Статус (Текущо местоположение) | Дата на вписване в системата | Местоположение - отдел | Цена в лева | Инвентарен номер | Систематично азбучна сигнатура | Баркод | Номер на екземпляра | Цена в евро | Служебна бележка | Служебен тип на артикула |
|---|---|---|---|---|---|---|---|---|---|---|---|---|---|---|---|---|---|---|---|
| Не е изгубен | Universal Decimal Classification | Не е повреден | само за читалня | Специални фондове ( старопечатни, редки и ценни, фонд М. Арнаудов) | 260210 | Регионална библиотека "Любен Каравелов" Русе | Регионална библиотека "Любен Каравелов" Русе | Старопечатен фонд | 1873-01-01 | Старопечатен фонд | 20.00 | 213-ст | Цб Ст 1014 * 1533 | 900000000125 | 1 | 10.23 | Дост: DA Вид: Сф Дата: 01.01.1873 Дата инв: 30.03.2018 Бележки инв: СТ2018 | Книги |